书目信息 |
| 题名: |
微波振荡源
|
|
| 作者: | 陈为怀 , 李玉梅 编 | |
| 分册: | ||
| 出版信息: | 北京 人民邮电出版社 1984 |
|
| 页数: | 436页 | |
| 开本: | 19cm | |
| 丛书名: | 微波接办通信技术丛书 | |
| 单 册: | ||
| 中图分类: | TN752.5 , TN925 | |
| 科图分类: | ||
| 主题词: | 微波振荡器 , 无线电接力通信 | |
| 电子资源: | ||
| ISBN: | ||
| 000 | 00810nam2 2200301 45 | |
| 001 | 0184016166 | |
| 005 | 20040517093323.2 | |
| 010 | @dCNY1.90 | |
| 091 | @a15045.总2909-无6291 | |
| 100 | @a19950510d1984 em y0chiy0121 ea | |
| 101 | 0 | @achi |
| 102 | @aCN@b110000 | |
| 105 | @ay z 000yy | |
| 106 | @ar | |
| 200 | 10 | @a微波振荡源@Awei bo zhen dang yuan@f陈为怀,李玉梅编 |
| 210 | @a北京@c人民邮电出版社@d1984 | |
| 215 | @a436页@d19cm | |
| 225 | 2 | @a微波接办通信技术丛书 |
| 410 | 0 | @120010@a微波接办通信技术丛书 |
| 606 | @a微波振荡器 | |
| 606 | 0 | @a无线电接力通信 |
| 690 | @aTN752.5@v3 | |
| 690 | @aTN925 | |
| 701 | 0 | @a陈为怀@Achen wei huai@4编 |
| 701 | 0 | @a李玉梅@Ali yu mei@4编 |
| 801 | 0 | @aCN@b上海图书馆@c20040517 |
| 801 | 2 | @aCN@bNLC@c20040517 |
| 905 | @f2@b139336-337@dTN925@e10 | |
| 微波振荡源/陈为怀,李玉梅编.-北京:人民邮电出版社,1984 |
| 436页;19cm.-(微波接办通信技术丛书) |
| ISBN :CNY1.90 |
| ● |
| 相关链接 |
|
|
|
|
正题名:微波振荡源
索取号:TN925/10
 
预约/预借
| 序号 | 登录号 | 条形码 | 馆藏地/架位号 | 状态 | 备注 |
| 1 | 0139336 | 001324098 | 第三借阅区/ [索取号:TN925/10] | 在馆 | |
| 2 | 0139337 | 001324132 | 第三借阅区/ [索取号:TN925/10] | 在馆 | |
| 3 | 0139338 | 202103124 | 第二样本阅览室/ [索取号:TN925/10] | 在馆 |